[Event "DEM U14w 2018"]
[Site "Willingen GER"]
[Date "2018.05.23"]
[Round "6"]
[White "Basovskiy, Jana"]
[Black "Ortlepp, Klaudia"]
[Result "1-0"]
[Termination "normal"]
[Board "8"]
[WhiteElo "1862"]
[BlackElo "1505"]
[WhiteClock "00:04:20"]
[BlackClock "00:04:54"]
[PlyCount "127"]
[WhiteFideId "16208617"]
[BlackFideId "16206045"]
[EventCountry "GER"]
[EventRounds "9"]
[EventType "swiss"]
[EventDate "2018.05.19"]

1. e4 {[%clk 1:30:59]} 1... e5 {[%clk 1:30:54]} 2. Nf3 {[%clk 1:31:25]} 2...
Nc6 {[%clk 1:31:17]} 3. Bc4 {[%clk 1:31:53]} 3... Bc5 {[%clk 1:31:36]} 4. c3 {
[%clk 1:32:00]} 4... Nf6 {[%clk 1:31:45]} 5. d3 {[%clk 1:32:25]} 5... O-O {
[%clk 1:31:17]} 6. Nbd2 {[%clk 1:32:48]} 6... d6 {[%clk 1:30:01]} 7. O-O {
[%clk 1:32:13]} 7... Na5 {[%clk 1:30:09]} 8. Bb5 {[%clk 1:31:51]} 8... c6 {
[%clk 1:30:22]} 9. Ba4 {[%clk 1:32:13]} 9... b5 {[%clk 1:30:34]} 10. Bc2 {
[%clk 1:32:36]} 10... Bb6 {[%clk 1:29:25]} 11. h3 {[%clk 1:31:41]} 11... Re8 {
[%clk 1:25:40]} 12. Re1 {[%clk 1:31:17]} 12... Qc7 {[%clk 1:15:39]} 13. Nf1 {
[%clk 1:25:40]} 13... h6 {[%clk 1:07:38]} 14. Ng3 {[%clk 1:23:50]} 14... d5 {
[%clk 0:51:18]} 15. Nh4 {[%clk 1:20:52]} 15... Nb7 {[%clk 0:45:00]} 16. Qf3 {
[%clk 1:18:41]} 16... Qd8 {[%clk 0:43:18]} 17. Nhf5 {[%clk 1:08:47]} 17... Nc5
{[%clk 0:38:26]} 18. Be3 {[%clk 0:47:52]} 18... Be6 {[%clk 0:27:26]} 19. Rad1 {
[%clk 0:42:40]} 19... a5 {[%clk 0:23:30]} 20. Bc1 {[%clk 0:24:12]} 20... b4 {
[%clk 0:20:24]} 21. Kh1 {[%clk 0:21:22]} 21... Ncd7 {[%clk 0:16:29]} 22. Nd6 {
[%clk 0:16:53]} 22... Rf8 {[%clk 0:15:43]} 23. Ndf5 {[%clk 0:11:01]} 23... Re8
{[%clk 0:14:52]} 24. Ba4 {[%clk 0:08:36]} 24... Rc8 {[%clk 0:14:40]} 25. Nd6 {
[%clk 0:09:01]} 25... Nc5 {[%clk 0:12:55]} 26. Nxc8 {[%clk 0:07:05]} 26... Nxa4
{[%clk 0:13:07]} 27. Nxb6 {[%clk 0:07:32]} 27... Nxb6 {[%clk 0:13:25]} 28. Nf5
{[%clk 0:06:44]} 28... Kh7 {[%clk 0:10:11]} 29. Qg3 {[%clk 0:05:59]} 29... Bxf5
{[%clk 0:07:24]} 30. exf5 {[%clk 0:06:27]} 30... Nbd7 {[%clk 0:06:52]} 31. Be3
{[%clk 0:04:23]} 31... Qc7 {[%clk 0:04:02]} 32. d4 {[%clk 0:04:34]} 32... Ne4 {
[%clk 0:04:23]} 33. Qf3 {[%clk 0:03:31]} 33... bxc3 {[%clk 0:03:51]} 34. bxc3 {
[%clk 0:03:10]} 34... Nxc3 {[%clk 0:03:25]} 35. Rd2 {[%clk 0:03:11]} 35... Nb6
{[%clk 0:01:41]} 36. Rc1 {[%clk 0:02:33]} 36... e4 {[%clk 0:01:29]} 37. Qf4 {
[%clk 0:02:30]} 37... Qxf4 38. Bxf4 38... Nb5 {[%clk 0:01:02]} 39. Rxc6 { [%clk
0:03:05]} 39... Nc4 {[%clk 0:01:18]} 40. Rd1 {[%clk 0:02:26]} 40... Nc3 { [%clk
0:01:24]} 41. Re1 {[%clk 0:01:04]} 41... Nxa2 {[%clk 0:00:48]} 42. Rc7 { [%clk
0:28:35]} 42... Nb4 {[%clk 0:29:11]} 43. Re2 {[%clk 0:25:39]} 43... f6 { [%clk
0:27:38]} 44. Rd7 {[%clk 0:20:20]} 44... Nb6 {[%clk 0:26:02]} 45. Rb7 { [%clk
0:16:25]} 45... Nc4 {[%clk 0:26:25]} 46. Rb5 46... Re7 {[%clk 0:23:07]} 47. Bd2
{[%clk 0:13:39]} 47... Nc6 {[%clk 0:05:44]} 48. Rxd5 {[%clk 0:12:18]} 48... Rb7
{[%clk 0:04:53]} 49. Bf4 {[%clk 0:07:36]} 49... Ne7 {[%clk 0:04:48]} 50. Rc5
{[%clk 0:07:27]} 50... Nb6 {[%clk 0:03:52]} 51. Rc7 {[%clk 0:06:21]} 51... Rxc7
52. Bxc7 {[%clk 0:06:50]} 52... Nc4 {[%clk 0:03:45]} 53. Rxe4 { [%clk 0:06:47]}
53... Nd5 {[%clk 0:04:07]} 54. Bd8 {[%clk 0:06:24]} 54... a4 { [%clk 0:04:26]}
55. Re1 {[%clk 0:06:14]} 55... a3 {[%clk 0:04:51]} 56. Be7 { [%clk 0:04:20]}
56... a2 {[%clk 0:04:54]} 57. Bc5 Nc3 58. Ra1 Nd2 59. Bb4 Nb3 60. Bxc3 Nxa1 61.
Bxa1 Kg8 62. Kg1 Kf7 63. Kf1 Ke7 64. Ke2 1-0

[Event "DEM U14w 2018"]
[Site "Willingen GER"]
[Date "2018.05.23"]
[Round "6"]
[White "Khamenya, Vitalia"]
[Black "Wucherer, Sophie"]
[Result "1-0"]
[Termination "normal"]
[Board "9"]
[WhiteElo "1792"]
[BlackElo "1340"]
[WhiteClock "00:02:44"]
[BlackClock "00:03:43"]
[PlyCount "75"]
[WhiteFideId "12959260"]
[BlackFideId "16225473"]
[EventCountry "GER"]
[EventRounds "9"]
[EventType "swiss"]
[EventDate "2018.05.19"]

1. Nf3 {[%clk 1:30:54]} 1... Nf6 {[%clk 1:30:45]} 2. g3 {[%clk 1:31:03]} 2...
g6 {[%clk 1:30:45]} 3. Bg2 {[%clk 1:31:20]} 3... Bg7 {[%clk 1:31:09]} 4. d3 {
[%clk 1:31:07]} 4... d6 {[%clk 1:29:47]} 5. O-O {[%clk 1:30:19]} 5... O-O {
[%clk 1:29:51]} 6. e4 {[%clk 1:27:32]} 6... c5 {[%clk 1:22:11]} 7. Nc3 { [%clk
1:26:04]} 7... Nc6 {[%clk 1:22:15]} 8. Nh4 {[%clk 1:24:41]} 8... e5 { [%clk
1:13:14]} 9. f4 {[%clk 1:18:25]} 9... exf4 {[%clk 1:12:11]} 10. Bxf4 { [%clk
1:16:28]} 10... a6 {[%clk 1:00:50]} 11. Qd2 {[%clk 1:07:41]} 11... Re8 { [%clk
0:58:06]} 12. Bg5 {[%clk 1:04:31]} 12... Be6 {[%clk 0:49:08]} 13. Ne2 { [%clk
0:27:42]} 13... Ne5 {[%clk 0:36:55]} 14. Nf4 {[%clk 0:26:41]} 14... Ned7 {[%clk
0:21:36]} 15. Nxe6 {[%clk 0:25:54]} 15... Rxe6 {[%clk 0:21:42]} 16. Bh3 {[%clk
0:25:07]} 16... Re7 {[%clk 0:21:23]} 17. Qf4 {[%clk 0:14:39]} 17... Ne8 {[%clk
0:20:31]} 18. Bxe7 {[%clk 0:14:23]} 18... Qxe7 {[%clk 0:20:50]} 19. c3 { [%clk
0:11:31]} 19... Ne5 {[%clk 0:18:51]} 20. Qd2 {[%clk 0:10:26]} 20... Nc7 { [%clk
0:17:34]} 21. Nf3 {[%clk 0:10:17]} 21... Nc6 {[%clk 0:17:28]} 22. Rf2 { [%clk
0:09:26]} 22... Rf8 {[%clk 0:15:54]} 23. Re1 {[%clk 0:08:43]} 23... Ne5 { [%clk
0:14:07]} 24. Nxe5 {[%clk 0:08:13]} 24... Qxe5 {[%clk 0:14:28]} 25. Rd1 { [%clk
0:07:30]} 25... d5 {[%clk 0:13:01]} 26. exd5 {[%clk 0:07:33]} 26... Nxd5 {[%clk
0:12:34]} 27. Re1 {[%clk 0:07:25]} 27... Qd6 {[%clk 0:11:39]} 28. Rfe2 { [%clk
0:07:10]} 28... b6 {[%clk 0:11:14]} 29. Bg2 {[%clk 0:06:52]} 29... Nf6 { [%clk
0:10:19]} 30. d4 {[%clk 0:06:25]} 30... Rd8 {[%clk 0:09:46]} 31. d5 { [%clk
0:05:31]} 31... Kf8 {[%clk 0:08:51]} 32. Qe3 {[%clk 0:04:44]} 32... Qd7 { [%clk
0:08:06]} 33. Qe7+ {[%clk 0:04:25]} 33... Qxe7 {[%clk 0:08:32]} 34. Rxe7 {[%clk
0:04:50]} 34... Re8 {[%clk 0:07:08]} 35. d6 {[%clk 0:04:31]} 35... Rd8 { [%clk
0:04:57]} 36. Bc6 {[%clk 0:03:55]} 36... Kg8 {[%clk 0:04:46]} 37. d7 { [%clk
0:02:45]} 37... Bf8 {[%clk 0:03:43]} 38. Re8 {[%clk 0:02:44]} 1-0

[Event "DEM U14w 2018"]
[Site "Willingen GER"]
[Date "2018.05.23"]
[Round "6"]
[White "Kalina, Lena"]
[Black "Pavlov, Liliane"]
[Result "0-1"]
[Termination "normal"]
[Board "10"]
[WhiteElo "1479"]
[BlackElo "1605"]
[WhiteClock "00:30:12"]
[BlackClock "01:17:52"]
[PlyCount "90"]
[WhiteFideId "12988014"]
[BlackFideId "16225449"]
[EventCountry "GER"]
[EventRounds "9"]
[EventType "swiss"]
[EventDate "2018.05.19"]

1. d4 {[%clk 1:30:57]} 1... b6 {[%clk 1:30:51]} 2. c4 {[%clk 1:31:05]} 2... Bb7
{[%clk 1:31:14]} 3. Nc3 {[%clk 1:30:48]} 3... e6 {[%clk 1:31:34]} 4. a3 { [%clk
1:30:38]} 4... Nf6 {[%clk 1:31:39]} 5. Bg5 {[%clk 1:29:24]} 5... Be7 { [%clk
1:30:56]} 6. Nf3 {[%clk 1:27:54]} 6... h6 {[%clk 1:29:51]} 7. Bh4 { [%clk
1:26:43]} 7... O-O {[%clk 1:26:47]} 8. e3 {[%clk 1:24:18]} 8... d5 { [%clk
1:26:14]} 9. Be2 {[%clk 1:20:58]} 9... dxc4 {[%clk 1:25:06]} 10. Bxc4 { [%clk
1:19:17]} 10... Nbd7 {[%clk 1:24:27]} 11. O-O {[%clk 1:18:00]} 11... Re8 {[%clk
1:18:10]} 12. Bg3 {[%clk 1:14:19]} 12... Ne4 {[%clk 1:13:17]} 13. Nxe4 { [%clk
1:11:14]} 13... Bxe4 {[%clk 1:13:25]} 14. Ba6 {[%clk 1:07:07]} 14... Bd6 {[%clk
1:06:18]} 15. Bxd6 {[%clk 1:03:25]} 15... cxd6 {[%clk 1:06:32]} 16. Rc1 {[%clk
1:00:38]} 16... Nf6 {[%clk 1:05:59]} 17. Nd2 {[%clk 0:56:51]} 17... Bd5 {[%clk
1:02:23]} 18. f3 {[%clk 0:53:21]} 18... Qe7 {[%clk 1:00:27]} 19. e4 { [%clk
0:50:42]} 19... Bb7 {[%clk 1:00:32]} 20. Bxb7 {[%clk 0:48:01]} 20... Qxb7
{[%clk 1:00:47]} 21. Nc4 {[%clk 0:44:04]} 21... Qd7 {[%clk 0:59:39]} 22. Ne3 {
[%clk 0:41:43]} 22... Rac8 {[%clk 0:58:26]} 23. Qd2 {[%clk 0:40:07]} 23... Red8
{[%clk 0:52:43]} 24. d5 {[%clk 0:36:55]} 24... exd5 {[%clk 0:51:45]} 25. Nxd5 {
[%clk 0:35:47]} 25... Nxd5 {[%clk 0:50:37]} 26. Qxd5 {[%clk 0:35:11]} 26... Rc5
{[%clk 0:50:52]} 27. Rxc5 {[%clk 0:35:05]} 27... dxc5 {[%clk 0:51:12]} 28. Rd1
{[%clk 0:33:52]} 28... Qxd5 {[%clk 0:51:04]} 29. Rxd5 {[%clk 0:33:56]} 29...
Rxd5 {[%clk 0:50:33]} 30. exd5 {[%clk 0:34:18]} 30... f5 {[%clk 0:50:46]} 31.
Kf2 {[%clk 0:33:32]} 31... Kf7 {[%clk 0:50:47]} 32. Ke3 {[%clk 0:32:42]} 32...
Kf6 {[%clk 0:50:54]} 33. Kd3 {[%clk 0:32:24]} 33... b5 {[%clk 0:50:32]} 34. a4
{[%clk 0:30:46]} 34... a6 {[%clk 0:50:11]} 35. axb5 {[%clk 0:27:18]} 35... axb5
{[%clk 0:50:27]} 36. f4 {[%clk 0:24:40]} 36... Ke7 {[%clk 0:48:42]} 37. g4 {
[%clk 0:10:23]} 37... g6 {[%clk 0:48:33]} 38. h3 {[%clk 0:05:42]} 38... h5 {
[%clk 0:47:46]} 39. gxh5 {[%clk 0:02:50]} 39... gxh5 {[%clk 0:48:04]} 40. Kc3 {
[%clk 0:00:47]} 40... Kd6 {[%clk 0:48:00]} 41. b4 {[%clk 0:30:22]} 41... Kxd5 {
[%clk 1:18:08]} 42. bxc5 {[%clk 0:30:07]} 42... Kxc5 {[%clk 1:18:28]} 43. Kb3 {
[%clk 0:29:40]} 43... Kd4 {[%clk 1:17:08]} 44. Kb4 {[%clk 0:29:53]} 44... Ke4 {
[%clk 1:17:30]} 45. Kxb5 {[%clk 0:30:12]} 45... Kxf4 {[%clk 1:17:52]} 0-1

[Event "DEM U14w 2018"]
[Site "Willingen GER"]
[Date "2018.05.23"]
[Round "6"]
[White "Prudlik, Elisa"]
[Black "Jacoby, Angelina"]
[Result "1-0"]
[Termination "normal"]
[Board "11"]
[WhiteElo "1286"]
[BlackElo "1221"]
[WhiteClock "00:49:38"]
[BlackClock "00:37:00"]
[PlyCount "45"]
[WhiteFideId "16209915"]
[BlackFideId "12999008"]
[EventCountry "GER"]
[EventRounds "9"]
[EventType "swiss"]
[EventDate "2018.05.19"]

1. e4 {[%clk 1:30:58]} 1... d5 {[%clk 1:30:57]} 2. exd5 {[%clk 1:31:25]} 2...
Qxd5 {[%clk 1:31:21]} 3. Nc3 {[%clk 1:31:45]} 3... Qa5 {[%clk 1:31:39]} 4. d4 {
[%clk 1:32:08]} 4... c6 {[%clk 1:32:05]} 5. Bc4 {[%clk 1:32:26]} 5... Nf6 {
[%clk 1:32:16]} 6. Nf3 {[%clk 1:32:50]} 6... Bf5 {[%clk 1:32:02]} 7. Bd2 {
[%clk 1:33:12]} 7... Qc7 {[%clk 1:32:26]} 8. Qe2 {[%clk 1:33:21]} 8... e6 {
[%clk 1:32:40]} 9. Ne5 {[%clk 1:33:07]} 9... h5 {[%clk 1:30:27]} 10. O-O-O {
[%clk 1:32:13]} 10... Nbd7 {[%clk 1:28:38]} 11. f3 {[%clk 1:13:10]} 11... Nxe5
{[%clk 1:11:25]} 12. dxe5 {[%clk 1:13:01]} 12... Nd5 {[%clk 1:06:30]} 13. g4 {
[%clk 1:10:12]} 13... Bg6 {[%clk 1:03:51]} 14. Nxd5 {[%clk 1:05:37]} 14... exd5
{[%clk 0:59:27]} 15. Bb3 {[%clk 1:04:54]} 15... O-O-O {[%clk 0:55:54]} 16. f4 {
[%clk 1:00:56]} 16... hxg4 {[%clk 0:53:00]} 17. Qxg4+ {[%clk 1:01:11]} 17...
Kb8 {[%clk 0:50:11]} 18. f5 {[%clk 0:53:38]} 18... Bh5 {[%clk 0:48:13]} 19. Qh3
{[%clk 0:51:08]} 19... Bxd1 {[%clk 0:44:37]} 20. Qxh8 {[%clk 0:51:26]} 20...
Bf3 {[%clk 0:44:15]} 21. Re1 {[%clk 0:50:06]} 21... Be4 {[%clk 0:43:26]} 22.
Rf1 {[%clk 0:49:31]} 22... Qxe5 {[%clk 0:37:00]} 23. Bf4 {[%clk 0:49:38]} 1-0

[Event "DEM U14w 2018"]
[Site "Willingen GER"]
[Date "2018.05.23"]
[Round "6"]
[White "Zixin, Li"]
[Black "Fuchs, Emily"]
[Result "0-1"]
[Termination "normal"]
[Board "12"]
[WhiteElo "1423"]
[BlackElo "1280"]
[WhiteClock "00:38:14"]
[BlackClock "00:14:53"]
[PlyCount "50"]
[WhiteFideId "16244770"]
[BlackFideId "16208986"]
[EventCountry "GER"]
[EventRounds "9"]
[EventType "swiss"]
[EventDate "2018.05.19"]

1. e4 {[%clk 1:30:58]} 1... e5 {[%clk 1:30:56]} 2. Nf3 {[%clk 1:31:24]} 2...
Nc6 {[%clk 1:31:22]} 3. Bc4 {[%clk 1:31:47]} 3... Nf6 {[%clk 1:31:48]} 4. d3 {
[%clk 1:32:08]} 4... Bc5 {[%clk 1:32:13]} 5. Nc3 {[%clk 1:32:32]} 5... d6 {
[%clk 1:32:34]} 6. Be3 {[%clk 1:32:57]} 6... Bb6 {[%clk 1:31:59]} 7. Qd2 {
[%clk 1:33:21]} 7... Bg4 {[%clk 1:31:10]} 8. Ng5 {[%clk 1:30:50]} 8... Bh5 {
[%clk 1:28:29]} 9. h3 {[%clk 1:28:21]} 9... h6 {[%clk 1:23:41]} 10. Nf3 { [%clk
1:28:36]} 10... Bxf3 {[%clk 1:23:41]} 11. gxf3 {[%clk 1:28:53]} 11... Nd4
{[%clk 1:19:57]} 12. Bxd4 {[%clk 1:27:29]} 12... Bxd4 {[%clk 1:18:19]} 13.
O-O-O {[%clk 1:27:13]} 13... Nh5 {[%clk 1:17:19]} 14. Ne2 {[%clk 1:25:28]}
14... Bxf2 {[%clk 1:14:30]} 15. Nf4 {[%clk 1:18:27]} 15... Nxf4 {[%clk 1:12:51]
} 16. Qxf2 {[%clk 1:18:49]} 16... c6 {[%clk 0:58:11]} 17. Rh2 {[%clk 1:07:09]}
17... Qc7 {[%clk 0:55:41]} 18. Qg3 {[%clk 1:00:39]} 18... g6 {[%clk 0:49:30]}
19. a3 {[%clk 0:54:09]} 19... O-O-O {[%clk 0:48:27]} 20. d4 {[%clk 0:51:48]}
20... Rhe8 {[%clk 0:23:07]} 21. d5 {[%clk 0:50:51]} 21... Rd7 {[%clk 0:19:58]}
22. Rhd2 {[%clk 0:46:20]} 22... Kb8 {[%clk 0:15:59]} 23. h4 {[%clk 0:42:26]}
23... Rc8 {[%clk 0:15:11]} 24. Qe1 {[%clk 0:38:09]} 24... cxd5 {[%clk 0:14:44]}
25. Bxd5 {[%clk 0:38:14]} 25... Nd3+ {[%clk 0:14:53]} 0-1

[Event "DEM U14w 2018"]
[Site "Willingen GER"]
[Date "2018.05.23"]
[Round "6"]
[White "Mellugja, Ornela"]
[Black "Schwegler, Jelena"]
[Result "0-1"]
[Termination "normal"]
[Board "13"]
[WhiteElo "747"]
[BlackElo "1491"]
[WhiteClock "01:22:59"]
[BlackClock "01:24:45"]
[PlyCount "56"]
[WhiteFideId "16265998"]
[BlackFideId "16225481"]
[EventCountry "GER"]
[EventRounds "9"]
[EventType "swiss"]
[EventDate "2018.05.19"]

1. e4 {[%clk 1:30:56]} 1... e5 {[%clk 1:30:52]} 2. Nf3 {[%clk 1:31:04]} 2...
Nc6 {[%clk 1:31:08]} 3. Bc4 {[%clk 1:31:00]} 3... Bc5 {[%clk 1:31:21]} 4. Ng5 {
[%clk 1:31:12]} 4... Qxg5 {[%clk 1:31:11]} 5. Qf3 {[%clk 1:30:00]} 5... Qf6 {
[%clk 1:30:28]} 6. Qxf6 {[%clk 1:28:26]} 6... Nxf6 {[%clk 1:30:51]} 7. d3 {
[%clk 1:28:49]} 7... d6 {[%clk 1:31:05]} 8. O-O {[%clk 1:28:01]} 8... Be6 {
[%clk 1:31:03]} 9. Bxe6 {[%clk 1:28:01]} 9... fxe6 {[%clk 1:31:26]} 10. h3 {
[%clk 1:28:19]} 10... O-O-O {[%clk 1:31:12]} 11. c3 {[%clk 1:27:26]} 11... d5 {
[%clk 1:31:13]} 12. b4 {[%clk 1:27:40]} 12... Bb6 {[%clk 1:31:08]} 13. Nd2 {
[%clk 1:27:29]} 13... Rhf8 {[%clk 1:30:30]} 14. c4 {[%clk 1:26:44]} 14... Nxb4
{[%clk 1:29:01]} 15. Ba3 {[%clk 1:26:45]} 15... c5 {[%clk 1:29:21]} 16. Nf3 {
[%clk 1:26:12]} 16... Nxd3 {[%clk 1:27:15]} 17. exd5 {[%clk 1:23:53]} 17...
exd5 18. cxd5 {[%clk 1:23:40]} 18... Rxd5 {[%clk 1:24:05]} 19. Bb2 { [%clk
1:23:00]} 19... Nxb2 {[%clk 1:24:13]} 20. Nxe5 {[%clk 1:23:02]} 20... Rxe5
{[%clk 1:24:08]} 21. Rab1 {[%clk 1:23:20]} 21... Re2 {[%clk 1:23:52]} 22. Rfe1
{[%clk 1:23:21]} 22... Rfe8 {[%clk 1:23:55]} 23. Rxb2 {[%clk 1:23:19]} 23...
Rxe1+ {[%clk 1:24:10]} 24. Kh2 {[%clk 1:23:32]} 24... R8e2 { [%clk 1:24:16]}
25. Rb3 {[%clk 1:23:32]} 25... Rxf2 {[%clk 1:24:22]} 26. Rg3 { [%clk 1:23:29]}
26... Bc7 {[%clk 1:24:43]} 27. a4 {[%clk 1:22:58]} 27... Ne4 { [%clk 1:24:45]}
28. a5 {[%clk 1:22:59]} 28... Bxg3# 0-1

[Event "DEM U14w 2018"]
[Site "Willingen GER"]
[Date "2018.05.24"]
[Round "7"]
[White "Brunner, Sophia"]
[Black "Bardorz, Jana"]
[Result "1-0"]
[Termination "normal"]
[Board "1"]
[WhiteElo "1742"]
[BlackElo "1622"]
[WhiteClock "00:03:08"]
[BlackClock "00:11:00"]
[PlyCount "85"]
[WhiteFideId "12960683"]
[BlackFideId "16208897"]
[EventCountry "GER"]
[EventRounds "9"]
[EventType "swiss"]
[EventDate "2018.05.19"]

1. d4 {[%clk 1:30:57]} 1... d5 {[%clk 1:30:55]} 2. c4 {[%clk 1:31:15]} 2... e6
{[%clk 1:31:18]} 3. Nc3 {[%clk 1:31:34]} 3... Nf6 {[%clk 1:31:41]} 4. Nf3 {
[%clk 1:31:44]} 4... a6 {[%clk 1:31:28]} 5. c5 {[%clk 1:28:08]} 5... b6 { [%clk
1:27:25]} 6. cxb6 {[%clk 1:25:00]} 6... cxb6 {[%clk 1:27:13]} 7. Bf4 { [%clk
1:23:41]} 7... Bd6 {[%clk 1:24:53]} 8. Bg3 {[%clk 1:20:58]} 8... O-O { [%clk
1:21:55]} 9. e3 {[%clk 1:21:18]} 9... Nc6 {[%clk 1:19:46]} 10. Rc1 { [%clk
1:20:57]} 10... Bb7 {[%clk 1:15:10]} 11. Bd3 {[%clk 1:21:11]} 11... Rc8 { [%clk
1:12:00]} 12. O-O {[%clk 1:19:16]} 12... Bxg3 {[%clk 1:09:14]} 13. hxg3 { [%clk
1:19:17]} 13... Re8 {[%clk 1:04:12]} 14. Qe2 {[%clk 1:15:06]} 14... b5 { [%clk
0:55:46]} 15. Qd2 {[%clk 0:46:04]} 15... Ne7 {[%clk 0:48:41]} 16. Ne5 { [%clk
0:41:40]} 16... Ne4 {[%clk 0:45:38]} 17. Nxe4 {[%clk 0:31:04]} 17... dxe4
{[%clk 0:44:37]} 18. Rxc8 {[%clk 0:31:10]} 18... Qxc8 {[%clk 0:43:52]} 19. Rc1
{[%clk 0:31:22]} 19... Qd8 {[%clk 0:42:29]} 20. Be2 {[%clk 0:31:00]} 20... f6 {
[%clk 0:41:04]} 21. Ng4 {[%clk 0:31:26]} 21... h5 {[%clk 0:37:47]} 22. Nh2 {
[%clk 0:31:48]} 22... g6 {[%clk 0:37:12]} 23. Nf1 {[%clk 0:24:31]} 23... Qd7 {
[%clk 0:34:31]} 24. Rc5 {[%clk 0:23:23]} 24... Rc8 {[%clk 0:33:03]} 25. Qc2 {
[%clk 0:23:11]} 25... Bd5 {[%clk 0:31:21]} 26. b3 {[%clk 0:19:42]} 26... Rc6 {
[%clk 0:29:06]} 27. Nd2 {[%clk 0:18:54]} 27... f5 {[%clk 0:27:39]} 28. Kf1 {
[%clk 0:16:39]} 28... Qd6 {[%clk 0:26:16]} 29. Rxc6 {[%clk 0:16:18]} 29... Nxc6
{[%clk 0:25:43]} 30. Qc5 {[%clk 0:11:13]} 30... Qc7 {[%clk 0:23:55]} 31. Ke1 {
[%clk 0:05:50]} 31... Qa5 {[%clk 0:22:11]} 32. a3 {[%clk 0:04:19]} 32... Qc7 {
[%clk 0:20:19]} 33. b4 {[%clk 0:03:47]} 33... Kf7 {[%clk 0:18:24]} 34. Bd1 {
[%clk 0:03:39]} 34... Qe7 {[%clk 0:14:49]} 35. Nb3 {[%clk 0:02:04]} 35... Bc4 {
[%clk 0:13:22]} 36. Qxc6 {[%clk 0:02:04]} 36... Qa7 {[%clk 0:11:02]} 37. Nc5 {
[%clk 0:01:54]} 37... a5 {[%clk 0:09:31]} 38. Qb7+ {[%clk 0:02:04]} 38... Qxb7
{[%clk 0:09:56]} 39. Nxb7 {[%clk 0:02:29]} 39... axb4 {[%clk 0:10:21]} 40. Nd6+
{[%clk 0:01:52]} 40... Ke7 {[%clk 0:10:39]} 41. Nxc4 {[%clk 0:02:17]} 41...
bxc4 {[%clk 0:10:53]} 42. axb4 {[%clk 0:02:45]} 42... Kd6 {[%clk 0:11:00]} 43.
Kd2 {[%clk 0:03:08]} 1-0

[Event "DEM U14w 2018"]
[Site "Willingen GER"]
[Date "2018.05.24"]
[Round "7"]
[White "Ziegenfuß, Antonia"]
[Black "Glinzner, Alva"]
[Result "1-0"]
[Termination "normal"]
[Board "2"]
[WhiteElo "1956"]
[BlackElo "1813"]
[WhiteClock "00:32:19"]
[BlackClock "00:15:53"]
[PlyCount "59"]
[WhiteFideId "12962554"]
[BlackFideId "16206169"]
[EventCountry "GER"]
[EventRounds "9"]
[EventType "swiss"]
[EventDate "2018.05.19"]

1. d4 {[%clk 1:30:58]} 1... Nf6 {[%clk 1:30:52]} 2. c4 {[%clk 1:31:23]} 2... e6
{[%clk 1:31:15]} 3. Nc3 {[%clk 1:31:43]} 3... Bb4 {[%clk 1:31:32]} 4. f3 {
[%clk 1:32:04]} 4... d5 {[%clk 1:30:53]} 5. a3 {[%clk 1:32:15]} 5... Bxc3+ {
[%clk 1:31:00]} 6. bxc3 {[%clk 1:32:39]} 6... b6 {[%clk 1:29:14]} 7. cxd5 {
[%clk 1:32:01]} 7... exd5 {[%clk 1:29:25]} 8. e3 {[%clk 1:31:44]} 8... O-O {
[%clk 1:29:23]} 9. Bd3 {[%clk 1:31:47]} 9... Re8 {[%clk 1:27:35]} 10. Ne2 {
[%clk 1:31:20]} 10... Ba6 {[%clk 1:27:01]} 11. O-O {[%clk 1:30:01]} 11... Bxd3
{[%clk 1:26:18]} 12. Qxd3 {[%clk 1:30:24]} 12... Nc6 {[%clk 1:22:56]} 13. Ng3 {
[%clk 1:28:00]} 13... Qe7 {[%clk 1:21:26]} 14. Ra2 {[%clk 1:23:47]} 14... Na5 {
[%clk 1:18:09]} 15. e4 {[%clk 1:17:39]} 15... Qe6 {[%clk 1:10:43]} 16. Re2 {
[%clk 1:04:09]} 16... Qc6 {[%clk 1:10:25]} 17. e5 {[%clk 1:03:04]} 17... Nd7 {
[%clk 1:10:48]} 18. f4 {[%clk 1:01:39]} 18... Nc4 {[%clk 1:08:57]} 19. f5 {
[%clk 0:59:52]} 19... Ndxe5 {[%clk 0:57:26]} 20. dxe5 {[%clk 0:58:34]} 20...
Nxe5 {[%clk 0:57:52]} 21. Qd4 {[%clk 0:54:46]} 21... f6 {[%clk 0:57:10]} 22.
Rfe1 {[%clk 0:52:42]} 22... Qd7 {[%clk 0:50:27]} 23. Bf4 {[%clk 0:46:07]} 23...
c5 {[%clk 0:47:20]} 24. Qd2 {[%clk 0:44:08]} 24... Qd6 {[%clk 0:45:38]} 25.
Bxe5 {[%clk 0:40:02]} 25... fxe5 {[%clk 0:44:58]} 26. Nh5 {[%clk 0:37:26]}
26... Rad8 {[%clk 0:20:44]} 27. f6 {[%clk 0:32:55]} 27... gxf6 {[%clk 0:17:37]}
28. Qh6 {[%clk 0:32:34]} 28... Re7 {[%clk 0:15:43]} 29. Nxf6+ {[%clk 0:32:17]}
29... Kh8 {[%clk 0:15:53]} 30. Rxe5 {[%clk 0:32:19]} 1-0